[Event "Mittelfranken-chTB1 1819"]
[Site "Mittelfranken"]
[Date "2019.03.31"]
[Round "8.6"]
[White "Neulaendtner, Josef"]
[Black "Puschak, Oliver"]
[Result "1/2-1/2"]
[WhiteElo "1667"]
[BlackElo "1899"]
[PlyCount "37"]
[EventDate "2018.10.14"]
[EventType "team-tourn"]
[EventRounds "9"]
[EventCountry "GER"]
[SourceTitle "EXT 2022"]
[Source "ChessBase"]
[SourceDate "2021.10.06"]
[SourceVersion "1"]
[SourceVersionDate "2021.10.06"]
[SourceQuality "1"]
[WhiteTeam "Erlangen Siemens"]
[BlackTeam "Lauf SV"]
[WhiteTeamCountry "GER"]
[BlackTeamCountry "GER"]

1. d4 Nf6 2. c4 e6 3. Nc3 d5 4. Bg5 Nbd7 5. Nf3 c6 6. e3 Qa5 7. Nd2 Bb4 8. Qc2 dxc4 9. Bxf6 Nxf6 10. Bxc4 0-0 11. 0-0 Qh5 12. Nf3 b6 13. Ne4 Nxe4 14. Qxe4 Bb7 15. Rad1 Rab8 16. Be2 Bd6 17. h3 c5 18. Qd3 Qg6 19. Qxg6 1/2-1/2

[Event "Mittelfranken-chTB2b 1213"]
[Site "Germany"]
[Date "2012.12.02"]
[Round "4.8"]
[White "Neulaendtner, Josef"]
[Black "Otto, Moritz"]
[Result "1/2-1/2"]
[WhiteElo "1662"]
[BlackElo "1730"]
[PlyCount "46"]
[EventDate "2012.10.07"]
[EventType "team-tourn"]
[EventRounds "9"]
[EventCountry "GER"]
[SourceTitle "EXT 2019"]
[Source "ChessBase"]
[SourceDate "2018.10.10"]
[SourceVersion "1"]
[SourceVersionDate "2018.10.10"]
[SourceQuality "1"]
[WhiteTeam "Erlangen Siemens"]
[BlackTeam "Uttenreuth"]
[WhiteTeamCountry "GER"]
[BlackTeamCountry "GER"]

1. d4 f5 2. g3 e6 3. Nf3 d5 4. c4 c6 5. Qb3 Bd6 6. Bg2 Nf6 7. Nc3 Nbd7 8. 0-0 0-0 9. Bd2 Kh8 10. Ne1 Ne4 11. Nxe4 fxe4 12. f3 exf3 13. Bxf3 dxc4 14. Qxc4 e5 15. Be3 exd4 16. Bxd4 Be5 17. Nd3 Nb6 18. Bxb6 Qxb6+ 19. Kg2 Qe3 20. Qh4 Bf5 21. Rad1 Bd4 22. g4 Be4 23. Qf2 Qxf2+ 1/2-1/2

[Event "Mittelfranken-chTB2a 0809"]
[Site "Mittelfranken"]
[Date "2009.03.22"]
[Round "8.7"]
[White "Hofer, Stefan1111"]
[Black "Neulaendtner, Josef"]
[Result "0-1"]
[WhiteElo "1503"]
[BlackElo "1768"]
[PlyCount "82"]
[EventDate "2008.10.12"]
[EventType "team"]
[EventRounds "9"]
[EventCountry "GER"]
[SourceTitle "EXT 2011"]
[Source "ChessBase"]
[SourceDate "2010.11.26"]
[SourceVersion "1"]
[SourceVersionDate "2010.11.26"]
[SourceQuality "1"]
[WhiteTeam "Cadolzburg"]
[BlackTeam "Erlangen Siemens"]
[WhiteTeamCountry "GER"]
[BlackTeamCountry "GER"]

1. e4 e6 2. d4 d5 3. Nc3 Nf6 4. Bg5 Be7 5. Bxf6 Bxf6 6. e5 Be7 7. Nf3 c5 8. h4 Nc6 9. Ne2 Qb6 10. Rb1 Bd7 11. c3 cxd4 12. Nexd4 f6 13. Nxc6 Bxc6 14. Nd4 Bd7 15. Qg4 g6 16. h5 f5 17. Qd1 0-0-0 18. f4 g5 19. g3 gxf4 20. gxf4 Rhg8 21. Qd2 Rg7 22. Rh2 Rdg8 23. Rg2 Bh4+ 24. Kd1 Bg3 25. Ne2 Bb5 26. Kc2 Bf2 27. Rxg7 Rxg7 28. Nd4 Bxd4 29. Qxd4 Bxf1 30. Qxb6 Rg2+ 31. Kb3 Bc4+ 32. Kb4 axb6 33. b3 Be2 34. Rb2 Bf3 35. Rxg2 Bxg2 36. h6 Bf1 37. a4 Kc7 38. Ka3 Kc6 39. b4 d4 40. Kb2 Kd5 41. Kc2 dxc3 0-1

[Event "Mittelfranken-chTB2a 0809"]
[Site "Mittelfranken"]
[Date "2008.12.07"]
[Round "3.7"]
[White "Wagenfeld, Wladymyr"]
[Black "Neulaendtner, Josef"]
[Result "0-1"]
[WhiteElo "1693"]
[BlackElo "1768"]
[PlyCount "56"]
[EventDate "2008.10.12"]
[EventType "team"]
[EventRounds "9"]
[EventCountry "GER"]
[SourceTitle "EXT 2011"]
[Source "ChessBase"]
[SourceDate "2010.11.26"]
[SourceVersion "1"]
[SourceVersionDate "2010.11.26"]
[SourceQuality "1"]
[WhiteTeam "Nuernberg NT V"]
[BlackTeam "Erlangen Siemens"]
[WhiteTeamCountry "GER"]
[BlackTeamCountry "GER"]

1. d4 e6 2. e3 d5 3. Bd3 Nf6 4. Nd2 c5 5. c3 Nc6 6. Ne2 Bd6 7. f4 Bd7 8. 0-0 Qc7 9. Ng3 h5 10. a3 Ne7 11. Bc2 0-0-0 12. Ba4 h4 13. Ne2 Ne4 14. Bxd7+ Rxd7 15. Nxe4 dxe4 16. Bd2 g5 17. c4 gxf4 18. Nxf4 Nf5 19. b4 cxd4 20. exd4 e3 21. c5 Bxf4 22. c6 Rxd4 23. cxb7+ Kb8 24. Rc1 Rxd2 25. Qxd2 exd2 26. Rxc7 Bxc7 27. Rd1 Bb6+ 28. Kh1 Rd8 0-1